000 00753nam a22002177a 4500
003 UA-OsUOA
001 52863
007 ta
008 20080305b un ||||| |||| 00| 0 ukr d
100 _aПриступ Н.
090 _a94(477)
_bП-12
942 _cSA
040 _aUA-OsUOA
_bukr
_cUA-OsUOA
_dUA-OsUOA
245 _aГерб, гривня, громадянство. 1 березня минає 90 років, як Центральна Рада прийняла закон про Державний герб УНР, грошову систему і громадянство
300 _aС.10
955 _a0
041 _aukr
080 _a94(477)
773 0 _w52862
650 7 _a9 Географія. Біографії. Історія
_2UDC
999 _c338946
_d338946